| 000 | 00685cab a2200241 4500 | ||
|---|---|---|---|
| 001 | WB3108-10 | ||
| 008 | 090401t1995 xxu||||| |||| 00| 0 eng d | ||
| 035 | _a(Sirsi) u9495 | ||
| 041 | _aeng | ||
| 245 | _aWind Fund | ||
| 260 | _c1995 | ||
| 350 | _a0 | ||
| 490 |
_aObserver _v19 February 1995, 2(1) |
||
| 520 | _aThe Wind Fund hopes to raise £10m to invest in 25 wind farms. Share offer open until 27 March 1995. | ||
| 650 | _aALTERNATIVE ENERGY SOURCES | ||
| 650 | _aNON-FOSSIL FUEL OBLIGATION | ||
| 650 | _aWIND FARMS | ||
| 650 | _aWIND FUND | ||
| 690 | _aENVIRONMENTAL AND LAND CONSULTANCY-ENERGY | ||
| 690 |
_aEnvironment _96238 |
||
| 942 | _n0 | ||
| 948 | _c04/03/1997 | ||
| 999 |
_c5939 _d5939 |
||